000 00868nam a22001937a 4500
999 _c193864
_d193864
005 20230410170411.0
010 _aB-746274-276 E.N.A./7.11.22
020 _a9789354910494
_c270.00
035 _aB-746274-276
037 _bNational Book Trust
082 _a305.562
100 _aSharma, Sudershan Kumar
245 _aBhimrao Ramji Ambedkar:
_bArbiter of Delhi's Destiny /
_cSudershan Kumar Sharma
260 _aNew Delhi
_bNational Book Trust
_c2022
270 _aNehru Bhawan, 5 institutional Area, Phase- II vasant kunj
_bNew Delhi
_e110070
300 _a227p.
_c19cm(pbk)
942 _2ddc
_cEN
_mSHA
_h305.562